000 00426nam a2200169Ia 4500
999 _c6926
_d6926
008 191201s2016 xx 000 0 und d
020 _a9788131524466
082 _a658.3 DEH
100 _aDENISI, Angelo S
245 0 _aHR-Human Resource Management
260 _bCengage Learning
_c2016
300 _a407
650 _aHuman Resource Management
700 _aGRIFFIN,Ricky W
700 _aSARKAR,Anita
942 _2ddc
_cBK